| 000 | 00545nam a22001217a 4500 | ||
|---|---|---|---|
| 022 | _a195452005 | ||
| 050 |
_aTD1046 _b.B37 |
||
| 245 |
_aGuidelines for Hazardous waste Landfill Operation, monitoring and aftercare in Hyper-Dry areas _cBasel Convention Regional Center for Training and Technology Transfer for the Arab states in Egypt (BCRC-EGYPT) |
||
| 260 |
_aEgypt _bThe Basel Convention Regional Center |
||
| 300 | _a35p. | ||
| 650 |
_bHazardous waste Landfill Operation, monitoring and aftercare in Hyper-Dry areas _vbook _xGuidelines |
||
| 942 | _cGEN | ||
| 999 |
_c835 _d835 |
||